<?xml version="1.0" encoding="UTF-8"?>
<resp>
  <nextPage>https://data.bn.org.pl/api/networks/bibs.marcxml?marc=001+b00001150002524&amp;sinceId=1150002525</nextPage>
  <collection>
    <record xmlns='http://www.loc.gov/MARC21/slim'><leader>01325namZa2200397ZiZ4500</leader><controlfield tag='001'>b00001150002524</controlfield><controlfield tag='005'>20251018080337.7</controlfield><controlfield tag='008'>230609s        pl           |000 0 pol c</controlfield><controlfield tag='009'>9913262265305606</controlfield><datafield ind1=' ' ind2=' ' tag='020'><subfield code='a'>8324125000</subfield></datafield><datafield ind1=' ' ind2=' ' tag='035'><subfield code='a'>KR_1KR_1_20120317233935025037-48omnis_kr</subfield></datafield><datafield ind1=' ' ind2=' ' tag='035'><subfield code='a'>KR_1_20120317233935025037</subfield><subfield code='9'>ExL</subfield></datafield><datafield ind1=' ' ind2=' ' tag='035'><subfield code='a'>(PL)b00001150002524</subfield></datafield><datafield ind1=' ' ind2=' ' tag='040'><subfield code='a'>KR_1</subfield><subfield code='c'>KR_1</subfield></datafield><datafield ind1='1' ind2=' ' tag='041'><subfield code='a'>pol</subfield><subfield code='h'>eng</subfield></datafield><datafield ind1='1' ind2=' ' tag='100'><subfield code='a'>Waide, Peggy</subfield></datafield><datafield ind1='1' ind2='0' tag='245'><subfield code='a'>Potęga uroku /</subfield><subfield code='c'>Peggy Waide ; przekł. Anna Cichowicz.</subfield></datafield><datafield ind1=' ' ind2=' ' tag='260'><subfield code='a'>W-wa :</subfield><subfield code='b'>&quot;Amber&quot;,</subfield><subfield code='c'>2006.</subfield></datafield><datafield ind1=' ' ind2=' ' tag='300'><subfield code='a'>231 s. ;</subfield><subfield code='c'>21 cm.</subfield></datafield><datafield ind1='1' ind2=' ' tag='490'><subfield code='a'>Romans Historyczny</subfield></datafield><datafield ind1=' ' ind2=' ' tag='500'><subfield code='a'>p</subfield></datafield><datafield ind1=' ' ind2='9' tag='650'><subfield code='a'>Powieść amerykańska</subfield><subfield code='y'>21 w.</subfield></datafield><datafield ind1='1' ind2=' ' tag='700'><subfield code='a'>Cichowicz, Anna</subfield><subfield code='e'>Tł.</subfield></datafield><datafield ind1=' ' ind2=' ' tag='852'><subfield code='b'>48OMNIS_NETWORK</subfield><subfield code='8'>9913262265305606</subfield></datafield><datafield ind1=' ' ind2=' ' tag='852'><subfield code='b'>48OMNIS_MBPG</subfield><subfield code='8'>991002501539708210</subfield></datafield><datafield ind1=' ' ind2=' ' tag='852'><subfield code='b'>48OMNIS_KR</subfield><subfield code='8'>991000025239708216</subfield></datafield><datafield ind1=' ' ind2=' ' tag='852'><subfield code='b'>48OMNIS_TL</subfield><subfield code='8'>991000126929608218</subfield></datafield><datafield ind1=' ' ind2=' ' tag='852'><subfield code='8'>22797750560008210</subfield><subfield code='j'>1</subfield><subfield code='b'>F02</subfield><subfield code='p'>10485697</subfield><subfield code='c'>UBYTKI_F02</subfield></datafield><datafield ind1=' ' ind2=' ' tag='852'><subfield code='8'>22797750580008210</subfield><subfield code='j'>1</subfield><subfield code='b'>F08</subfield><subfield code='p'>10171958</subfield><subfield code='c'>UBYTKI_F08</subfield></datafield><datafield ind1=' ' ind2=' ' tag='852'><subfield code='8'>22797750520008210</subfield><subfield code='j'>1</subfield><subfield code='b'>F11</subfield><subfield code='p'>10181428</subfield><subfield code='c'>UBYTKI_F11</subfield></datafield><datafield ind1=' ' ind2=' ' tag='852'><subfield code='8'>22797750540008210</subfield><subfield code='j'>1</subfield><subfield code='b'>F16</subfield><subfield code='p'>10500568</subfield><subfield code='c'>UBYTKI_F16</subfield></datafield><datafield ind1=' ' ind2=' ' tag='852'><subfield code='8'>22797750500008210</subfield><subfield code='j'>1</subfield><subfield code='b'>F06</subfield><subfield code='p'>10210646</subfield><subfield code='c'>UBYTKI_F06</subfield></datafield><datafield ind1=' ' ind2=' ' tag='920'><subfield code='a'>83-241-2500-0</subfield></datafield></record>
  </collection>
</resp>
